Metal bands by songs - Statistics

General Stats
  • This quiz has been taken 1,100 times
  • The average score is 16 of 39
Answer Stats
Song Band % Correct
Master of puppets Metallica
99%
Iron man Black Sabbath
90%
Crazy Train Ozzy Osbourne
88%
The trooper Iron Maiden
84%
Du Hast Rammstein
84%
Ace of Spades Motorhead
83%
Symphony of destruction Megadeath
80%
Psychosocial Slipknot
80%
Raining blood Slayer
78%
BYOB System of a down
78%
Freak on a leash Korn
77%
Walk Pantera
77%
Painkiller Judas Priest
68%
Through the fire and flames DragonForce
61%
Vermilion Slipknot
50%
Roots bloody roots Sepultura
48%
Seasons is the abyss Slayer
47%
Madhouse Anthrax
46%
Motorbreath Metallica
38%
Dystopia Megadeath
35%
Eye of Beholder Metallica
34%
Stranded Gojira
28%
Soldier Side System of a down
22%
Only for the weak In Flames
19%
Satan is real Kreator
17%
Blow your trumpets Gabriel Behemoth
16%
Pisces Jinjer
15%
Blacklist Exodus
13%
Hand of blood Bullet for my valentine
12%
Over the wall Testament
12%
Eagle fly free Helloween
10%
Vice grip Parkway Drive
8%
Beyond Oblivion Trivium
8%
Deep six Marilyn Manson
7%
Swamp song Tool
7%
Deliver us In Flames
6%
Blues beatdown Acid Drinkers
2%
The moth Death Angle
1%
Hand of God Night Mistress
1%
No matching quizzes found
Score Distribution
Percent of People with Each Score
Percentile by Number Answered
Your Score History
You have not taken this quiz